000
00227nam a22000857a 4500
008
160824b xxu||||| |||| 00| 0 eng d
100
_9
233
_b
Shamsi, K.N., et al
245
_a
Computers Update - 1
260
_a
Ne Delhi
_b
Cordova
_c
2006
999
_c
2888
_d
2888